000 01107cam a2200205 4500
001 ABS65880
008 020829n2002 000 0 eng u
035 _a(Sirsi) u119491
100 _aMacdonald, S.
245 _aElephant trap
260 _c2002
490 _aHousing Today
_v(298) 22 August 2002, 17-19(3)
520 _aDiscusses England's largest regeneration project at Elephant & Castle. It has been running for three years, spent £33m of public and private money but is not successful. Examines the history of the project to find out what has gone wrong. In 2000 the council chose a package put forward by Southwark Land Regeneration . The council terminated the agreement with the SLR in April this year amid accusations of malpractice. Further problems have occurred with a dispute between Elephant Links Partnership Board and the forum it had set up to ensure that the views of residents were taken into account.
590 _aABS
650 _aELEPHANT AND CASTLE
650 _aREGENERATION PROJECTS
650 _aELEPHANT LINKS PARTNERSHIP
690 _aREGENERATION
942 _n0
999 _c71046
_d71046